ישראל נכון או לא נכון? | Israel True or False? in Hebrew - Statistics

General Stats
  • This quiz has been taken 33 times
    32 since last reset
  • The average score is 12 of 15
Answer Stats
Question Answer % Correct
חופי ים המלח הם הנקודה הנמוכה ביותר ביבשה בכדור הארץ נכון
96%
המוסד הוא שמו של בית הנבחרים הישראלי לא נכון
96%
מצרים, ירדן סוריה פלשו כולן לישראל בעבר נכון
93%
משוער שלישראל יש נשק גרעיני נכון
89%
השחקנית ההוליוודית גל גדות היא ישראלית נכון
89%
האוכלוסיה החרדית בישראל מתכווצת במהירות לא נכון
89%
ערבית היא השפה המדוברת ביותר בישראל לא נכון
86%
הן נשים והן גברים מתגייסים בגיוס חובה לצבא ההגנה לישראל נכון
86%
אמנם ירושלים היא בירת ישראל, אך רוב השגרירויות הזרות יושבות בתל אביב נכון
82%
תיירים בישראל של ימינו יכולים לבקר בנצרת, מקום הולדתו של ישו נכון
82%
יותר מ-90% מיהודי העולם חיים בישראל לא נכון
71%
הצלבנים מעולם לא הצליחו לכבוש את ירושלים לא נכון
71%
לישראל אחת מתוחלות החיים הגבוהות בעולם נכון
68%
ע"פ התנ״ך, המלך דוד בנה את בית המקדש הראשון לא נכון
54%
ברית המועצות התנגדה להקמת מדינת ישראל ב-1947 לא נכון
46%
No matching quizzes found
Score Distribution
Percent of People with Each Score
Percentile by Number Answered
Your Score History
You have not taken this quiz since the last reset